Plus Grandes Villes de France par Lettre - R - Statistiques

Statistiques générales
  • Ce quiz a été pris 438 fois
  • Le résultat moyen est 9 sur 20
Réponses sur la Carte
Les réponses sont colorées sur une échelle allant du rouge au vert en fonction du pourcentage des utilisateurs qui les ont devinées à leur premier essai. Vous pouvez retrouver ces pourcentages ci-dessous.
 
Statistiques - réponses
Population Ville % Correct
225 081 Rennes
99%
114 083 Rouen
93%
179 380 Reims
91%
78 535 La {Rochelle}
86%
98 892 Roubaix
79%
54 952 La {Roche}-{sur}-{Yon}
68%
24 207 Rodez
61%
34 762 Roanne
52%
23 092 Rochefort
43%
26 816 Rambouillet
40%
78 186 Rueil-Malmaison
38%
23 061 Roissy-en-Brie
34%
42 998 Rezé
32%
32 911 Romans-sur-Isère
25%
45 655 Rosny-sous-Bois
24%
31 247 Rillieux-la-Pape
16%
21 305 Le {Robert}
15%
33 266 Romainville
15%
29 825 Ris-Orangis
10%
27 274 Remire-Montjoly
6%
Aucun quiz correspondant
Distribution des résultats
% des personnes avec chaque résultat
Percentile par nombre de réponses
Votre historique - résultats
Vous n’avez pas pris ce quiz